000 00567nam a22001937a 4500
003 KOHA_MİRAKIL
005 20250417140550.0
008 250417b tu ||||| |||| 00| 0 tur d
020 _a9786057643261
040 _aTR-AnABB
_btur
_cTR-AnABB
041 _atur
082 _a863.3
_bCER 2020
100 _aCervantes, Saavedra Miguel de,
_d1547-1616
245 1 0 _aÇingene kızı /
_cMiguel de Cervantes Saavedra
260 _aİstanbul :
_bNotos Kitap,
_c2020
300 _a158 sayfa ;
_c21 cm
650 0 4 _aİspanyol edebiyatı, roman
942 _2ddc
_cBK
999 _c8746
_d8746
900 _bGizem YORULMAZ